El derecho de las sucesiones en Roma /
Guardado en:
| Autor Principal: | |
|---|---|
| Otros Autores: | |
| Formato: | Libro |
| Idioma: | Undetermined |
| Publicado: |
Córdoba :
Lerner,
1972.
|
| Edición: | 2a. ed. |
| Materias: | |
| Etiquetas: |
Agregar Etiqueta
Sin Etiquetas, Sea el primero en etiquetar este registro!
|
| LEADER | 00530nam a22001575a 4500 | ||
|---|---|---|---|
| 001 | DER.der015118 | ||
| 008 | 250211s1972####xx############000#0#und#d | ||
| 005 | 20250211115333.0 | ||
| 245 | 1 | 0 | |a El derecho de las sucesiones en Roma / |c Nina Ponssa de la Vega de Miguens ; prólogo de Jorge Joaquín Llambias. |
| 250 | |a 2a. ed. | ||
| 260 | |a Córdoba : |b Lerner, |c 1972. | ||
| 300 | |a 119 p. | ||
| 100 | 1 | |a de la Vega de Miguens, Nina. | |
| 700 | 1 | |a Llambias, Jorge Joaquín. | |
| 650 | 7 | |a DERECHO ROMANO | |
| 859 | |a DERECHO |b BIB. DERECHO |h 340.54 |i DEL |p 000168 | ||
